000 00337nam a22001337a 4500
008 171016b xxu||||| |||| 00| 0 eng d
020 _a9789280810974
041 _aeng
080 _a33
100 _a52
101 _aEKO
245 _aINNOVATION, LEARNING, AND TECHNOLOGICAL DYNAMISM OF DEVELOPING COUNTRIES
_cMANI,S
942 _2udc
_cBK
999 _c34080
_d34080